000 00810nam a2200301Ia 4500
003 OSt
005 20220912150722.0
006 a|||||r|||| 00| 0
007 ta
008 220909b |||||||| |||| 00| 0 eng d
024 _a8093
037 _bEducational,
037 _cTextual
040 _aCSL
_beng
_cCSL
041 _aeng
082 _aH23, J7;M4;4 TH
100 _aPettijohn F J
245 0 _aSedimentary rocks
250 _a3
260 _aNew Delhi
_b C B S Publishers Distributors
_c1984
300 _axii,628p
500 _aIncludes bibliographical references; Indexes 599-628p.
_ccm.
650 _a Rocks
650 _a Sedimentary
650 _aGeology
942 _hH23, J7;M4;4 TH
_cTEXL
_2CC
999 _c53179
_d53179